Pantagruel et les sophistes: contribution a l'humanisme chrétien au XVI eme siecle

Na minha lista:
Detalhes bibliográficos
Autor principal: Defraux, Gérard
Formato: Livro
Idioma:Undetermined
Publicado em: La Haye [Francia] Mastinus Nijhoff 1973
Assuntos:
Tags: Adicionar Tag
Sem tags, seja o primeiro a adicionar uma tag!

MARC

LEADER 00000nam a2200000Ia 4500
008 170316s9999 xx 000 0 und d
090 |a 100 D-8p 
100 |a Defraux, Gérard 
245 |a Pantagruel et les sophistes: contribution a l'humanisme chrétien au XVI eme siecle 
260 |a La Haye [Francia] 
260 |b Mastinus Nijhoff 
260 |c 1973 
300 |a 233 páginas 
650 |a FILOSOFÍA 
999 |c 16085  |d 16085 
040 |a cru BVZT 
942 |c 15 D  |h 100 D-8p  |2 z